000 00518nam a2200193Ia 4500
003 GCL
008 140319s9999 xx 000 0 ara d
040 _aGCL /
_cGCL
082 0 4 _a813.01
_bص م
100 1 _aصبرى العسكرى
245 1 0 _aالملهى الليلى (مجموعة قصص قصيرة) /
_cصبرى العسكرى
300 _a162 ص
490 _a
650 0 4 _aالادب العربى
650 0 4 _aالادب
650 0 4 _aالقصص
650 0 4 _aالمجموعات
942 _2ddc
_cBK
999 _c40397
_d40397